| 000 | 00602nam a2200193Ia 4500 | ||
|---|---|---|---|
| 003 | GCL | ||
| 008 | 140319s9999 xx 000 0 ara d | ||
| 040 |
_aGCL / _cGCL |
||
| 082 | 0 | 4 |
_a820.9 _bل ف |
| 100 | 1 | _aلويس عوض | |
| 245 | 1 | 0 |
_aفى الادب الانجليزى الحديث / _cلويس عوض |
| 260 |
_a[S.N] : _bالهيئة المصرية العامة للكتاب ، _c1987 |
||
| 300 | _a379 ص | ||
| 490 | _a | ||
| 650 | 0 | 4 | _aالادباء الانجليزيون |
| 650 | 0 | 4 | _aتاريخ ونقد |
| 650 | 0 | 4 | _aالادب الانجليزى المترجم |
| 942 |
_2ddc _cBK |
||
| 999 |
_c27543 _d27543 |
||